[Event "9. Miedzynardowy Turniej Klubu Polonia Wroclaw<br/>Turniej OPEN"]
[Site "Wroclaw"]
[Date "2014-07-05"]
[Round "9.2"]
[White "Weichhold, Pawel"]
[Black "Djuric, Stefan"]
[Result "1/2-1/2"]
[WhiteTitle "m"]
[BlackTitle "GM"]
[WhiteElo "2402"]
[BlackElo "2393"]

1. e4 e5 2. Nf3 Nc6 3. Bb5 a6 4. Ba4 Nf6 5. O-O Be7 6. Re1 b5 7. Bb3 O-O 8. c3
d6 9. d4 Bg4 10. Be3 Na5 11. Bc2 Nc4 12. Bc1 c5 13. d5 g6 14. h3 Bc8 15. b3 Nb6
16. Nbd2 Qc7 17. Nf1 c4 18. b4 a5 19. Bh6 Rd8 20. a3 axb4 21. axb4 Rxa1 22. Qxa1
Bd7 23. Be3 Na4 24. Bxa4 Ra8 25. Qb2 Rxa4 26. N3d2 Qb7 27. Ra1 Qa6 28. Rxa4 Qxa4
29. f3 Nh5 30. Nb1 Nf4 31. Bxf4 exf4 32. Qa3 Qc2 33. Nbd2 Bf6 34. Qa7 Qxc3 35.
Qxd7 Qd4+ 36. Kh2 Be5 37. Qxb5 Qf2 38. Qxc4 Bd4 39. Qc8+ Kg7 40. h4 Qxh4+ 41.
Qh3 Qf2 42. Qd7 h5 43. b5 g5 44. Qf5 Kh6 45. e5 Qh4+ 46. Qh3 Qf2 47. Qf5 Qh4+
48. Qh3 Qf2 49. Qf5 Qh4+ 50. Qh3 Qf2 51. Qf5 Qh4+ 52. Qh3 Qf2 1/2-1/2

[Event "9. Miedzynardowy Turniej Klubu Polonia Wroclaw<br/>Turniej OPEN"]
[Site "Wroclaw"]
[Date "2014-07-05"]
[Round "9.3"]
[White "Kowalczyk, Rafal"]
[Black "Kubien, Jerzy"]
[Result "1/2-1/2"]
[WhiteTitle "k"]
[BlackTitle "FM"]
[WhiteElo "2200"]
[BlackElo "2185"]

1. e4 c5 2. c3 e6 3. d4 Qc7 4. g3 d6 5. dxc5 dxc5 6. Na3 a6 7. Nc4 Nc6 8. a4 Nf6
9. Bg2 e5 10. Bg5 Be6 11. Qe2 Be7 12. Bh3 Bxc4 13. Qxc4 Na5 14. Qe2 O-O 15. Nf3
h6 16. Bxf6 Bxf6 17. O-O c4 18. Rfd1 Rad8 19. Rd5 Rxd5 20. exd5 Rd8 21. Rd1 b5
22. axb5 axb5 23. Bg2 Nb3 24. h4 Nc5 25. Nh2 Be7 26. Ng4 Bd6 27. Be4 Qd7 28. Bg2
Nd3 29. Bh3 Qb7 30. Bg2 Qd7 31. b3 f5 32. bxc4 bxc4 33. Ne3 e4 34. Bh3 Rf8 35.
Nxc4 Bc5 36. Rxd3 exd3 37. Qxd3 g6 38. h5 Qe7 39. Qf3 Kg7 40. hxg6 Kxg6 41. Bf1
Qe4 42. Kg2 Qxf3+ 43. Kxf3 Kf6 44. Na5 Rb8 45. Be2 Rb1 46. Nc6 Rc1 47. c4 Rc3+
48. Kg2 Rc2 49. Kf3 Rc3+ 50. Ke4 Ke5+ 1/2-1/2

[Event "9. Miedzynardowy Turniej Klubu Polonia Wroclaw<br/>Turniej OPEN"]
[Site "Wroclaw"]
[Date "2014-07-05"]
[Round "9.6"]
[White "Koszkul, Wojciech"]
[Black "Guzewicz, Rafal"]
[Result "1/2-1/2"]
[WhiteTitle "I+"]
[BlackTitle "I+"]
[WhiteElo "1987"]
[BlackElo "2076"]

1. d4 d5 2. Nf3 Nf6 3. e3 Bg4 4. Be2 e6 5. c4 c6 6. O-O Nbd7 7. Nc3 Bd6 8. b3 Ne4
9. Nxe4 dxe4 10. Nd2 Bf5 11. c5 Bc7 12. Bb2 Qh4 13. g3 Qg5 14. Qc2 Nf6 15. Nc4
h5 16. h4 Qh6 17. Nd6+ Bxd6 18. cxd6 Nd5 19. Qc5 O-O 20. Rac1 g5 21. hxg5 Qxg5
22. Kh1 Kh7 23. Kg2 Rg8 24. Rh1 Bg4 25. Bxg4 Qxg4 26. Rxh5+ Kg7 27. Rch1 Qf3+
28. Kg1 Qd1+ 29. Kg2 Qf3+ 1/2-1/2

[Event "9. Miedzynardowy Turniej Klubu Polonia Wroclaw<br/>Turniej OPEN"]
[Site "Wroclaw"]
[Date "2014-07-05"]
[Round "9.7"]
[White "Kowalczyk, Mariusz"]
[Black "Reza, Wojciech"]
[Result "0-1"]
[WhiteTitle "I"]
[BlackTitle "I++"]
[WhiteElo "1987"]
[BlackElo "2168"]

1. e4 c5 2. Nf3 Nc6 3. Bc4 e6 4. d3 a6 5. c3 d5 6. Bb3 Nf6 7. e5 Nd7 8. d4 Nb6
9. O-O cxd4 10. cxd4 Bd7 11. Nc3 Be7 12. Ne2 Na5 13. Bc2 Bb5 14. Bd2 Nc6 15. Re1
Bxe2 16. Qxe2 Nc4 17. Bc1 Qb6 18. Rd1 Rc8 19. a3 Qb5 20. Bd3 N6a5 21. Rb1 Nb3
22. Nd2 Nbxd2 23. Bxd2 Qd7 24. Qg4 Kf8 25. Bf4 h5 26. Qf3 g6 27. h3 Kg7 28. g4
Na5 29. Kg2 Rh7 30. Rbc1 Rxc1 31. Rxc1 Nc6 32. Be3 hxg4 33. hxg4 Qe8 34. Rh1 Rxh1
35. Kxh1 Qh8+ 36. Kg2 Qh4 37. Qf4 Bd8 38. Bc2 Qh7 39. Ba4 b5 40. Bd1 g5 41. Qf3
Qd3 42. Be2 Qb1 43. Qh3 Nxd4 44. Bf3 Nxf3 45. Qxf3 Qxb2 46. Bb6 Bxb6 47. Qf6+
Kf8 0-1

[Event "9. Miedzynardowy Turniej Klubu Polonia Wroclaw<br/>Turniej OPEN"]
[Site "Wroclaw"]
[Date "2014-07-05"]
[Round "9.8"]
[White "Paczka, Patryk"]
[Black "Khamidov, Komil"]
[Result "1-0"]
[WhiteTitle "II+"]
[BlackTitle "I++"]
[WhiteElo "1815"]
[BlackElo "2098"]

1. e4 e5 2. f4 exf4 3. Nf3 g5 4. h4 g4 5. Ne5 Nf6 6. Bc4 Qe7 7. d4 d6 8. Nxf7 Rg8
9. O-O d5 10. exd5 Qxf7 11. Bxf4 Bd6 12. Nc3 Nbd7 13. Ne4 Bxf4 14. Rxf4 Qg6 15.
Nxf6+ Nxf6 16. d6 Rg7 17. Qf1 Nd7 18. Re1+ Kd8 19. Rf8+ Nxf8 20. Qxf8+ Kd7 21.
Re7+ Rxe7 22. Qxe7+ Kc6 23. Qxc7# Kd5 24. Bb5 1-0

[Event "9. Miedzynardowy Turniej Klubu Polonia Wroclaw<br/>Turniej OPEN"]
[Site "Wroclaw"]
[Date "2014-07-05"]
[Round "9.10"]
[White "Janocha, Wieslaw"]
[Black "Teclaf, Pawel"]
[Result "1-0"]
[WhiteTitle "FM"]
[BlackTitle "CM"]
[WhiteElo "2291"]
[BlackElo "1920"]

1. e4 c5 2. Nf3 e6 3. Nc3 a6 4. d4 cxd4 5. Nxd4 b5 6. Bd3 Qb6 7. Nb3 Qc7 8. Bg5
Bb7 9. O-O Be7 10. Bxe7 Nxe7 11. f4 Nbc6 12. e5 Nb4 13. Be4 Rd8 14. Qf3 Ned5 15.
a3 Nxc3 16. Qxc3 Qxc3 17. bxc3 Bxe4 18. axb4 d6 19. Rxa6 dxe5 20. Rb6 Bxc2 21.
Nc5 e4 22. Rxb5 O-O 23. Re1 Rd5 24. Kf2 e5 25. f5 g6 26. f6 Rd6 27. Ke3 Rfd8 28.
Rf1 Rd2 29. Rf2 Rxf2 30. Kxf2 h5 31. Ke3 Rd1 32. Rb8+ Kh7 33. b5 Bd3 34. b6 Re1+
35. Kd2 Re2+ 36. Kd1 Rf2 37. b7 Rf1+ 38. Kd2 Rf2+ 39. Kc1 Rf1+ 40. Kb2 Rb1+ 41.
Ka2 Rb5 42. Re8 Bc2 43. Rxe5 Bb1+ 44. Ka3 e3 45. Rxe3 1-0

[Event "9. Miedzynardowy Turniej Klubu Polonia Wroclaw<br/>Turniej OPEN"]
[Site "Wroclaw"]
[Date "2014-07-05"]
[Round "9.11"]
[White "Krokay, Urszula"]
[Black "Dobrowolski, Aleksander"]
[Result "0-1"]
[WhiteTitle "k"]
[BlackTitle "m"]
[WhiteElo "1961"]
[BlackElo "2281"]

1. e4 c5 2. Nf3 Nc6 3. d4 cxd4 4. Nxd4 e6 5. Nxc6 bxc6 6. Qf3 d5 7. e5 Ne7 8. Qc3
d4 9. Qc4 Qa5+ 10. Nd2 Qxe5+ 11. Be2 Qd5 12. Qa4 Bd7 13. O-O c5 14. Qa6 Qc6 15.
Qd3 Nd5 16. Nc4 Qc7 17. f4 Bd6 18. Nxd6+ Qxd6 19. f5 exf5 20. c4 Nb4 21. Qf3 O-O
22. Bf4 Qg6 23. a3 Bc6 24. Qh3 Nc2 25. Bh5 Qe6 26. Rac1 Be4 27. Be2 Rad8 28. Bd3
Bxd3 29. Qxd3 Ne3 30. Rfe1 Rfe8 31. Re2 a5 32. b4 axb4 33. axb4 cxb4 34. c5 Qc6
35. Bxe3 dxe3 36. Qxf5 Rd2 37. Rce1 g6 38. Qg5 Rd5 39. Qf4 Qxc5 40. Rb1 Rd2 0-1

[Event "9. Miedzynardowy Turniej Klubu Polonia Wroclaw<br/>Turniej OPEN"]
[Site "Wroclaw"]
[Date "2014-07-05"]
[Round "9.12"]
[White "Dzikowski, Michal"]
[Black "Grossmann, Ryszard"]
[Result "1/2-1/2"]
[WhiteTitle "I"]
[BlackTitle "FM"]
[WhiteElo "1968"]
[BlackElo "2150"]

1. b3 c5 2. Bb2 d5 3. e3 Nf6 4. f4 Nc6 5. Nf3 Bg4 6. Be2 e6 7. Ne5 Bxe2 8. Qxe2
Rc8 9. O-O a6 10. a4 Bd6 11. Ng4 Be7 12. Nf2 O-O 13. d3 b5 14. axb5 axb5 15. Nd2
Qb6 16. Nf3 c4 17. Ne5 Nb4 18. Bd4 cxd3 19. Nfxd3 Qd6 20. Nxb4 Qxb4 21. c3 Qd6
22. b4 Ne4 23. Rfc1 f6 24. Nd3 Qc6 25. Qg4 Ra8 26. h4 Kh8 27. h5 Rg8 28. Rxa8
Rxa8 29. Nf2 Nxf2 30. Kxf2 Kg8 31. Kg1 Kf7 32. Rf1 Qc4 33. Re1 Qd3 34. Qf3 f5
35. Qf1 Qe4 36. Ra1 Rxa1 37. Qxa1 Qd3 38. Qf1 Qc4 39. g3 g6 40. hxg6+ Kxg6 41.
Qa1 Qe2 42. Qa8 Kh5 43. Qg8 h6 44. Qxe6 Qd1+ 45. Kg2 Qe2+ 46. Kg1 Qe1+ 47. Kg2
Qe2+ 48. Kg1 Kg4 49. Qg6+ Bg5 50. fxg5 h5 51. Qe6 Qe1+ 52. Kg2 Qe2+ 53. Kg1 Qd1+
54. Kf2 Qd2+ 55. Kf1 Qd1+ 56. Kf2 h4 57. gxh4 Qd2+ 58. Kf1 Qd1+ 59. Kf2 Qd2+ 60.
Kf1 Qd1+ 61. Kf2 Qc2+ 62. Ke1 1/2-1/2

[Event "9. Miedzynardowy Turniej Klubu Polonia Wroclaw<br/>Turniej OPEN"]
[Site "Wroclaw"]
[Date "2014-07-05"]
[Round "9.13"]
[White "Somyk, Marcin"]
[Black "Wozniak, Mariola"]
[Result "1-0"]
[WhiteTitle "I++"]
[BlackTitle "WCM"]
[WhiteElo "1965"]
[BlackElo "2092"]

1. d4 Nf6 2. c4 d6 3. Nc3 Nbd7 4. e4 e5 5. Nf3 Be7 6. Be2 O-O 7. O-O c6 8. Re1
Re8 9. Bf1 Bf8 10. Qc2 Qc7 11. b3 g6 12. Bb2 exd4 13. Nxd4 Bg7 14. Rad1 Nc5 15.
b4 Ne6 16. Nb3 Bd7 17. Qd2 Rad8 18. h3 Bc8 19. Ba1 h6 20. Qe3 a6 21. Qa7 Ng5 22.
b5 Nfxe4 23. Nxe4 Rxe4 24. Bxg7 Kxg7 25. Rxe4 Nxe4 26. bxa6 c5 27. axb7 Qxb7 28.
Qa5 Re8 29. Bd3 Ng5 30. Qc3+ Kg8 31. Bb1 Qe7 32. Qg3 Bb7 33. Kh2 Be4 34. Re1 Qd7
35. Bxe4 Nxe4 36. Qh4 Qf5 37. Nd2 g5 38. Qg4 Qe5+ 39. f4 Qd4 40. Nf3 Qf2 41. fxg5
h5 42. Qf4 Qc2 43. Nd2 1-0

[Event "9. Miedzynardowy Turniej Klubu Polonia Wroclaw<br/>Turniej OPEN"]
[Site "Wroclaw"]
[Date "2014-07-05"]
[Round "9.14"]
[White "Dmochowska, Agnieszka"]
[Black "Szczepaniak, Lukasz"]
[Result "0-1"]
[WhiteTitle "WCM"]
[BlackTitle "I+"]
[WhiteElo "1876"]
[BlackElo "2055"]

1. e4 e5 2. Nf3 Nc6 3. Bb5 a6 4. Ba4 Nf6 5. d4 exd4 6. O-O Be7 7. e5 Ne4 8. Nxd4
Nxd4 9. Qxd4 Nc5 10. Bb3 Nxb3 11. axb3 O-O 12. Nc3 d6 13. Rd1 dxe5 14. Qxe5 Bd6
15. Qe4 Re8 16. Qf3 Qh4 17. h3 h5 18. Rf1 Bg4 19. Qd5 Bd7 20. Qxb7 Rab8 21. Qf3
Re6 22. Kh1 Rf6 23. Qe3 Re8 24. Qd3 Rxf2 25. Rxf2 Qxf2 26. Bd2 Bc6 27. Nd5 Re2
0-1

[Event "9. Miedzynardowy Turniej Klubu Polonia Wroclaw<br/>Turniej OPEN"]
[Site "Wroclaw"]
[Date "2014-07-05"]
[Round "9.15"]
[White "Kulas, Szymon"]
[Black "Dadello, Aleksandra"]
[Result "1-0"]
[WhiteTitle "I++"]
[BlackTitle "I++"]
[WhiteElo "2005"]
[BlackElo "1880"]

1. d4 d5 2. c4 e6 3. Nc3 Nf6 4. Nf3 Be7 5. Bf4 c6 6. e3 O-O 7. h3 Nbd7 8. Qc2 Re8
9. Bd3 Nf8 10. O-O Ng6 11. Bh2 Bd6 12. Bxd6 Qxd6 13. c5 Qc7 14. Bxg6 hxg6 15.
Ne5 Nd7 16. f4 Nxe5 17. fxe5 Qe7 18. Na4 Qg5 19. Rf3 f6 20. h4 Qxh4 21. Qxg6 Rf8
22. exf6 Rf7 23. Raf1 Bd7 24. Rh3 Qe4 25. Qh5 Rxf6 26. Rxf6 gxf6 27. Rg3+ 1-0

[Event "9. Miedzynardowy Turniej Klubu Polonia Wroclaw<br/>Turniej OPEN"]
[Site "Wroclaw"]
[Date "2014-07-05"]
[Round "9.16"]
[White "White, John"]
[Black "Nowak, Kamil"]
[Result "1-0"]
[WhiteTitle "II+"]
[BlackTitle "I"]
[WhiteElo "1973"]
[BlackElo "1833"]

1. d4 d5 2. c4 c6 3. Nf3 Nf6 4. Qc2 a6 5. g3 g6 6. Bg2 Bg7 7. O-O O-O 8. Nbd2 Bf5
9. Qb3 Qc7 10. Ne5 Nbd7 11. Ndf3 b5 12. cxd5 cxd5 13. Bf4 Qb7 14. Rfc1 Rfc8 15.
h3 h6 16. Nh4 Be6 17. Nhf3 Nb6 18. Qd1 Ne4 19. Nd2 Nxd2 20. Qxd2 g5 21. Be3 Rxc1+
22. Rxc1 Rc8 23. b3 Nd7 24. Nd3 f6 25. Nc5 Nxc5 26. dxc5 Bf7 27. b4 e5 28. Rd1
Rd8 29. Qc2 Qc6 30. Bc1 Be6 31. Bb2 Bc8 32. e3 Bb7 33. Qg6 a5 34. a3 a4 35. Kh2
Qe6 36. Qd3 Bc6 37. Be4 Kf8 38. Rd2 Ke7 39. Bf5 Qf7 40. f4 Qg8 41. Bg4 Qf7 42.
Rf2 d4 43. fxe5 dxe3 44. exf6+ Bxf6 45. Bxf6+ Qxf6 46. Qxd8+ Kxd8 47. Rxf6 e2
48. Bxe2 Kc7 49. Rxc6+ Kxc6 50. Bf3+ Kd5 1-0

[Event "9. Miedzynardowy Turniej Klubu Polonia Wroclaw<br/>Turniej OPEN"]
[Site "Wroclaw"]
[Date "2014-07-05"]
[Round "9.17"]
[White "Daniel, Damian"]
[Black "Bebel, Agnieszka"]
[Result "1-0"]
[WhiteTitle "I"]
[BlackTitle "I"]
[WhiteElo "1869"]
[BlackElo "1524"]

1. Nf3 d5 2. g3 c5 3. Bg2 Nf6 4. O-O Bf5 5. d3 e6 6. Nbd2 Be7 7. Re1 Nc6 8. c3
O-O 9. Qc2 Rc8 10. e4 Bg6 11. Nh4 dxe4 12. Nxg6 hxg6 13. dxe4 Qc7 14. a4 a6 15.
Nc4 b5 16. Ne3 Rfd8 17. f4 Rd7 18. e5 Ne8 19. Ng4 Qb6 20. Be3 Na5 21. Bf1 Nc7
22. Rad1 Rcd8 23. Rxd7 Rxd7 24. Rd1 Nd5 25. Bf2 Qd8 26. axb5 axb5 27. Bxb5 Nb4
28. Rxd7 Nxc2 29. Rxd8+ Bxd8 30. Bxc5 Nb7 31. Bf2 Be7 32. Ba4 Na1 33. b4 f6 34.
Kf1 fxe5 35. fxe5 Bg5 36. Bd4 Kf7 37. c4 1-0

[Event "9. Miedzynardowy Turniej Klubu Polonia Wroclaw<br/>Turniej OPEN"]
[Site "Wroclaw"]
[Date "2014-07-05"]
[Round "9.18"]
[White "Kucharska, Honorata"]
[Black "Wasylkiewicz, Andrzej"]
[Result "1-0"]
[WhiteTitle "I+"]
[BlackTitle "I"]
[WhiteElo "1718"]
[BlackElo "1785"]

1. d4 d5 2. Nf3 c6 3. e3 Bg4 4. Be2 e6 5. O-O Bd6 6. b3 f5 7. h3 Bh5 8. Ne5 Bxe2
9. Qxe2 Nf6 10. Nd2 Qc7 11. f4 Nbd7 12. Bb2 O-O 13. a3 a6 14. c4 Ne4 15. Nxe4
dxe4 16. Rfd1 Nf6 17. Rac1 Qe7 18. b4 Rac8 19. Rc3 Kh8 20. Rdc1 Rg8 21. R3c2 Rcd8
22. Qe1 Bxe5 23. dxe5 Ne8 24. Rd2 Nc7 25. Rcd1 b5 26. Bd4 Qf7 27. Bb6 Rxd2 28.
Qxd2 bxc4 29. Bxc7 Qxc7 30. Qd4 h6 31. Qxc4 Rd8 32. Rxd8+ Qxd8 33. Qxe6 Qd3 34.
Qc8+ Kh7 35. Qxf5+ Kg8 36. e6 Qd1+ 37. Kh2 Qd5 38. Qf7+ Kh7 39. Qd7 Qd3 40. Qa7
1-0

[Event "9. Miedzynardowy Turniej Klubu Polonia Wroclaw<br/>Turniej OPEN"]
[Site "Wroclaw"]
[Date "2014-07-05"]
[Round "9.19"]
[White "Drozd, Lukasz"]
[Black "Kaczmarczyk, Jakub"]
[Result "1-0"]
[WhiteTitle "I"]
[BlackTitle "II"]
[WhiteElo "1761"]
[BlackElo "1506"]

1. e4 c6 2. Nc3 d5 3. Nf3 dxe4 4. Nxe4 Nd7 5. d4 Ngf6 6. Ng3 Qc7 7. Bc4 e6 8. O-O
Bd6 9. Qe2 O-O 10. Re1 Nb6 11. Bd3 Bf4 12. Ne5 Bxc1 13. Raxc1 Nbd5 14. Qd2 Ne7
15. Qf4 Nfd5 16. Qh4 f5 17. c4 Nf6 18. Qf4 Qd8 19. Bb1 Nd7 20. Nf3 Nf6 21. h4
Ng6 22. Qd2 Ng4 23. h5 Nh4 24. Ng5 Re8 25. f3 Nf6 26. Qf4 Ne4 27. fxe4 Qxd4+ 28.
Kh2 h6 29. Qxh4 hxg5 30. Qxg5 1-0

[Event "9. Miedzynardowy Turniej Klubu Polonia Wroclaw<br/>Turniej OPEN"]
[Site "Wroclaw"]
[Date "2014-07-05"]
[Round "9.20"]
[White "Puszczewicz, Krzysztof"]
[Black "Bieniek, Kazimierz"]
[Result "1-0"]
[WhiteTitle "k"]
[BlackTitle "II"]
[WhiteElo "2026"]
[BlackElo "1636"]

1. d4 d5 2. Nf3 Nf6 3. Bf4 e6 4. e3 Nbd7 5. h3 Bd6 6. Ne5 O-O 7. Bd3 Qe7 8. O-O
c5 9. c3 Ne4 10. Nxd7 Bxd7 11. Bxe4 Bxf4 12. Bxh7+ Kxh7 13. exf4 Rac8 14. Qd3+
g6 15. Nd2 Kg7 16. Nf3 f6 17. Rfe1 Qd6 18. Nh4 Be8 19. f5 g5 20. Rxe6 Qc7 21.
Rae1 Bd7 22. Re7+ Rf7 23. Ng6 Qd6 24. Qf3 Rcf8 25. Rxd7 Qxd7 26. Nxf8 Kxf8 27.
Qh5 Rh7 28. Qg6 Qf7 29. Qxf7+ Rxf7 30. dxc5 Re7 31. Rxe7 Kxe7 32. Kf1 Kd7 33.
g3 Kc6 34. h4 1-0

[Event "9. Miedzynardowy Turniej Klubu Polonia Wroclaw<br/>Turniej OPEN"]
[Site "Wroclaw"]
[Date "2014-07-05"]
[Round "9.21"]
[White "Rostolis, Riccardo"]
[Black "Lipski, Lukasz"]
[Result "1-0"]
[WhiteTitle ""]
[BlackTitle "II+"]
[WhiteElo "1870"]
[BlackElo "1595"]

1. e4 c6 2. d4 d5 3. e5 Bf5 4. h4 h6 5. g4 Bh7 6. e6 fxe6 7. Nh3 Qd6 8. Qe2 Na6
9. Bf4 Qd7 10. Na3 O-O-O 11. Qxa6 bxa6 12. Bxa6+ Qb7 13. Bxb7+ Kxb7 14. Be5 Be4
15. Rg1 Nf6 16. Nf4 Bf3 17. Nxe6 Rc8 18. Rg3 Be4 19. Rb3+ Ka6 20. Nc5+ Ka5 21.
Bf4 1-0

[Event "9. Miedzynardowy Turniej Klubu Polonia Wroclaw<br/>Turniej OPEN"]
[Site "Wroclaw"]
[Date "2014-07-05"]
[Round "9.22"]
[White "Korpalski, Maciej"]
[Black "Stelmaszuk, Maciej"]
[Result "1-0"]
[WhiteTitle "II+"]
[BlackTitle "II+"]
[WhiteElo "1745"]
[BlackElo "1625"]

1. e4 c5 2. Nf3 Nc6 3. d4 cxd4 4. Nxd4 e5 5. Nb5 d6 6. c4 Be7 7. N1c3 a6 8. Na3
f5 9. Bd3 f4 10. g3 Nf6 11. gxf4 exf4 12. Bxf4 O-O 13. Bg3 Bh3 14. Nc2 Ng4 15.
f4 h5 16. Qe2 h4 17. O-O-O Nh6 18. Ne3 hxg3 19. hxg3 Bd7 20. Rxh6 gxh6 21. Qh5
Qe8 22. Qxh6 Rf6 23. Qh2 Bf8 24. Ncd5 Rh6 25. Qxh6 Bxh6 26. Nf6+ Kf7 27. Nxe8
Rxe8 28. Bc2 Rg8 29. Rxd6 Be6 30. Nf5 Bf8 31. Rd3 Rh8 32. Ne3 Bc5 33. Nd5 Nd4
34. b4 Ne2+ 35. Kd1 Bg4 36. bxc5 Nxf4+ 37. Kd2 Rh2+ 38. Kc3 Nxd3 39. Kxd3 Rg2
40. Ne3 Rxg3 41. Kd4 Bd7 42. e5 Bc6 43. Bd1 Rh3 44. Nf5 Rh2 45. Nd6+ Ke7 46. Bg4
Rh4 47. Nf5+ 1-0

[Event "9. Miedzynardowy Turniej Klubu Polonia Wroclaw<br/>Turniej OPEN"]
[Site "Wroclaw"]
[Date "2014-07-05"]
[Round "9.23"]
[White "Kowalczyk, Mateusz"]
[Black "Knap, Jerzy"]
[Result "1-0"]
[WhiteTitle "II+"]
[BlackTitle "I"]
[WhiteElo "1608"]
[BlackElo "1709"]

1. e4 e6 2. d4 d5 3. Nc3 dxe4 4. Nxe4 Nd7 5. Nf3 Ngf6 6. Nxf6+ Nxf6 7. c3 Be7 8.
Bc4 O-O 9. O-O b6 10. Re1 Bb7 11. Qe2 Re8 12. Ne5 Bd5 13. Bb5 Rf8 14. Bf4 Qc8
15. Nc6 Bd8 16. c4 Be4 17. Bg5 Bxc6 18. Bxc6 Rb8 19. Qc2 a6 20. Rad1 b5 21. b3
bxc4 22. bxc4 Rb6 23. Qa4 Qb8 24. Bc1 Be7 25. c5 Rxc6 26. Qxc6 a5 27. d5 Nxd5
28. Rxd5 Qb4 29. Rdd1 Qxc5 30. Qxc5 Bxc5 31. Be3 Bd6 32. Rb1 Bb4 33. Rec1 Rc8
34. Rc6 1-0

[Event "9. Miedzynardowy Turniej Klubu Polonia Wroclaw<br/>Turniej OPEN"]
[Site "Wroclaw"]
[Date "2014-07-05"]
[Round "9.24"]
[White "Marko, Piotr"]
[Black "Lascar, Radoslawa"]
[Result "0-1"]
[WhiteTitle "II"]
[BlackTitle "I"]
[WhiteElo "1628"]
[BlackElo "1705"]

1. e4 c5 2. Nf3 Nc6 3. d4 cxd4 4. Nxd4 Nf6 5. Nc3 e5 6. Ndb5 d6 7. Bg5 a6 8. Na3
b5 9. Nd5 Be7 10. Bxf6 Bxf6 11. c3 Bg5 12. Nc2 O-O 13. a4 bxa4 14. Rxa4 a5 15.
Bc4 Rb8 16. b3 g6 17. O-O Kh8 18. Nce3 f5 19. exf5 gxf5 20. Qh5 f4 21. Bd3 Rb7
22. Ng4 Rg7 23. Nh6 Be6 24. Bc4 Qe8 25. Qxe8 Rxe8 26. Bb5 Bxd5 27. c4 Bxg2 28.
Nf5 Bxf1 29. Bxc6 Rc8 30. Nxg7 Kxg7 31. Bd5 Bh3 32. Rxa5 Bd8 33. Ra7+ Rc7 34.
Ra8 Bf6 35. b4 e4 36. b5 Bd4 37. Rg8+ Kh6 38. Bxe4 Rxc4 0-1

[Event "9. Miedzynardowy Turniej Klubu Polonia Wroclaw<br/>Turniej OPEN"]
[Site "Wroclaw"]
[Date "2014-07-05"]
[Round "9.25"]
[White "Ilnicki, Tomasz"]
[Black "Ochowicz, Jakub"]
[Result "1/2-1/2"]
[WhiteTitle "II"]
[BlackTitle "II"]
[WhiteElo "1449"]
[BlackElo "1692"]

1. e4 c6 2. d4 d5 3. Nc3 dxe4 4. Nxe4 Bf5 5. Ng3 Bg6 6. h4 h6 7. h5 Bh7 8. Nf3
Nd7 9. Bd3 Bxd3 10. Qxd3 e6 11. Ne4 Ngf6 12. Bf4 Nxe4 13. Qxe4 Nf6 14. Qd3 Bd6
15. Bxd6 Qxd6 16. Ne5 Qb4+ 17. Qc3 Nd5 18. Qxb4 Nxb4 19. Kd2 Rd8 20. c3 Nd5 21.
g3 Nf6 22. Ke3 Ke7 23. f3 Nd7 24. Nxd7 Rxd7 25. Rad1 Rhd8 26. Rd2 e5 27. Rhd1
exd4+ 28. Rxd4 Rxd4 29. Rxd4 Rxd4 30. Kxd4 Kd6 31. b3 b6 32. Ke4 Ke6 33. g4 g6
34. Kf4 Kf6 35. a3 a6 36. a4 b5 37. axb5 axb5 38. b4 Ke6 39. Ke4 f5+ 40. Kd4 gxh5
41. gxh5 Kd6 42. f4 Ke6 43. Kc5 Kd7 44. c4 bxc4 45. Kxc4 Kd6 46. Kd4 1/2-1/2

[Event "9. Miedzynardowy Turniej Klubu Polonia Wroclaw<br/>Turniej OPEN"]
[Site "Wroclaw"]
[Date "2014-07-05"]
[Round "9.26"]
[White "Rossienik, Wieslaw"]
[Black "Jagiela, Piotr"]
[Result "1-0"]
[WhiteTitle "II"]
[BlackTitle "I+"]
[WhiteElo "1498"]
[BlackElo "1750"]

1. e4 d6 2. d4 e5 3. Nf3 Nc6 4. d5 Nce7 5. Bc4 f5 6. exf5 Bxf5 7. Nc3 Nf6 8. Bg5
Ng6 9. O-O Be7 10. Re1 O-O 11. Bd2 h6 12. h3 Qc8 13. Nh2 Nh4 14. Bf1 Rf7 15. Bc1
Qd7 16. g3 Bxh3 17. gxh4 Bxf1 18. Rxf1 Qh3 19. Qf3 Qxf3 20. Nxf3 Ng4 21. Nh2 Nxh2
22. Kxh2 Bxh4 23. Be3 Raf8 1-0

[Event "9. Miedzynardowy Turniej Klubu Polonia Wroclaw<br/>Turniej OPEN"]
[Site "Wroclaw"]
[Date "2014-07-05"]
[Round "9.28"]
[White "Molenda, Mikolaj"]
[Black "Musiala, Jakub"]
[Result "0-1"]
[WhiteTitle "II"]
[BlackTitle "II"]
[WhiteElo "1410"]
[BlackElo "1394"]

1. e4 c5 2. Nf3 e6 3. d4 cxd4 4. Nxd4 a6 5. Nc3 Qc7 6. g3 b5 7. Bg2 Bb7 8. O-O
Nc6 9. Be3 Nf6 10. a3 d6 11. Re1 Rc8 12. Qd2 Na5 13. e5 Nc4 14. exd6 Bxd6 15.
Qc1 Bxg2 16. Kxg2 O-O 17. Kg1 Be7 18. Nde2 Rfd8 19. b3 Nb6 20. Bxb6 Qxb6 21. Qb2
Qc6 22. Rad1 a5 23. Rxd8+ Rxd8 24. Rd1 Rxd1+ 25. Nxd1 h6 26. Ne3 Nd5 27. Nd4 Qc5
28. Nxd5 Qxd5 29. a4 Bf6 30. c3 b4 31. Nb5 bxc3 32. Qc2 Qd2 33. Na3 Be7 34. Kf1
Bxa3 35. Qxd2 cxd2 36. Ke2 Bb4 37. Kd1 Kh7 38. Ke2 Kg6 39. f3 f5 40. f4 Kf6 41.
h3 e5 42. Kd1 e4 43. Ke2 Ke6 44. h4 h5 45. Kd1 Kd5 46. Ke2 Kd4 47. Kd1 Kd3 48.
g4 e3 0-1

[Event "9. Miedzynardowy Turniej Klubu Polonia Wroclaw<br/>Turniej OPEN"]
[Site "Wroclaw"]
[Date "2014-07-05"]
[Round "9.30"]
[White "Dadello, Barbara"]
[Black "Dytman, Radoslaw"]
[Result "1-0"]
[WhiteTitle "II+"]
[BlackTitle "II"]
[WhiteElo "1172"]
[BlackElo "1231"]

1. e4 e5 2. Nf3 Nc6 3. Bc4 Bc5 4. c3 Nf6 5. d3 h6 6. O-O d6 7. Nbd2 O-O 8. Re1
Bg4 9. Nf1 Qd7 10. Ng3 Nh5 11. Nxh5 Bxh5 12. Be3 Bxe3 13. Rxe3 Na5 14. Bb3 Kh8
15. Ba4 Qe6 16. Qd2 f5 17. exf5 Rxf5 18. Nd4 Qg6 19. Nxf5 Qxf5 20. Bd1 Bf7 21.
Bc2 Bg6 22. Rf3 Qe6 23. b4 Nc6 24. Bb3 Qg4 25. Bf7 Bh7 26. Bd5 Re8 27. Re1 e4
28. dxe4 Bxe4 29. Bxe4 Rxe4 30. Rf8+ Kh7 31. Qd3 d5 32. f3 Qh4 33. Re2 Ne5 34.
Qc2 Ng6 35. fxe4 Nxf8 36. exd5+ g6 37. Qe4 Qxe4 38. Rxe4 Kg8 39. Re7 g5 40. Rxc7
Ng6 41. Rxb7 Nf4 42. c4 Ne2+ 43. Kf2 Nc3 44. Rxa7 Ne4+ 45. Ke3 Nd6 46. c5 Nf7
1-0